000 00619nam a2200229Ia 4500
003 OSt
005 20220928130259.0
006 a|||||r|||| 00| 0
007 ta
008 220927b |||||||| |||| 00| 0 eng d
024 _a26758
037 _cTextual
040 _aSDCL
_cSDCL
_beng
041 _2eng
_aeng
082 _aV2jN23, L8
100 _aThakur Upendra Ed.
_9457936
245 0 _aHeritage of India.
260 _aNew Delhi
_bL N Mishra Commemoration Volume Publication
_c1978
300 _axx,616p
_ccm.
942 _hV2jN23, L8
_cTEXL
_2CC
999 _c785895
_d785895